Přírodopis pro 7. ročník : učebnice pro základní školy a nižší stupeň víceletých gymnázií : obratlovci, vyšší rostliny /

Other Authors: Maleninský, Miroslav
Language: Czech
Published: Praha : Nakladatelství České geografické společnosti, 2006
Edition: 1. vyd.
Series: Natura
Subjects:
Physical Description: 128 s. : il. (převážně barev.) ; 30 cm
Book
Saved in:
LEADER 01971nam a2200541 a 4500
001 nkc20061660484
003 CZ PrNK
005 20090209142151.0
007 ta
008 081211s2006 xr a c p 000 0 cze
015 |a cnb001660484 
020 |a 80-86034-66-6  |q (brož.) :  |c Kč 119,00 
035 |a (OCoLC)298774700 
040 |a ABA001  |b cze 
072 7 |a 57  |x Obecná biologie  |2 Konspekt  |9 2 
072 7 |a 37.016  |x Učební osnovy. Vyučovací předměty. Učebnice  |2 Konspekt  |9 22 
080 |a 57.081.1  |2 MRF 
080 |a 597/599  |2 MRF 
080 |a 582.3/.99  |2 MRF 
080 |a (075.2)  |2 MRF 
080 |a (075.3)  |2 MRF 
245 0 0 |a Přírodopis pro 7. ročník :  |b učebnice pro základní školy a nižší stupeň víceletých gymnázií : obratlovci, vyšší rostliny /  |c Miroslav Maleninský ... [et al.] 
246 3 0 |a Přírodopis 
246 3 0 |a Obratlovci, vyšší rostliny 
250 |a 1. vyd. 
260 |a Praha :  |b Nakladatelství České geografické společnosti,  |c 2006 
300 |a 128 s. :  |b il. (převážně barev.) ;  |c 30 cm 
490 1 |a Natura 
500 |a V pub. použity texty a ilustrace z učebnic Zoologie 2 a Botanika 2 
650 0 7 |a přírodopis  |7 ph124939  |2 czenas 
650 0 7 |a obratlovci  |7 ph115534  |2 czenas 
650 0 7 |a vyšší rostliny  |7 ph116652  |2 czenas 
650 0 9 |a natural history  |2 eczenas 
650 0 9 |a vertebrates  |2 eczenas 
650 0 9 |a Plantae  |2 eczenas 
655 7 |a učebnice základních škol  |7 fd133773  |2 czenas 
655 7 |a učebnice středních škol  |7 fd133771  |2 czenas 
655 9 |a textbooks (elementary)  |2 eczenas 
655 9 |a textbooks (secondary)  |2 eczenas 
700 1 |a Maleninský, Miroslav  |7 mzk2004242314  |4 aut 
740 0 |a Botanika 2 
740 0 |a Zoologie 2 
830 0 |a Natura  |0 s 
910 2 |a BOA001  |b 4-1215.660 
990 |a BK 
995 |a 01 
991 |b 200901  |c NOV 
996 6 |b 2610361793  |c 4-1215.660  |l MZK  |r Sklad / do 1 hodiny  |n 5  |p p.v.  |w 000923221  |u 000010  |a 1  |e BOA001  |j MZK50  |s P